00330nam a2200133Ia 4500008004100000040001500041041001200056082001700068100002200085245003100107250001200138260003500150300001100185230917s9999||||xx |||||||||||||| ||und|| e3627aMAIN aEnglish a320.94 C676E aCole, Taylor, ed. 0aEuropean political systems a2nd ed. aNew YorkbAlfred A Knopfc1961 a746 p.